00541nam a22001577a 450000500170000001000150001702000260003203500130005803700130007108200130008410000220009724501520011926000320027127000570030330000230036020150807113452.0 aENG-113123 a9789352060023c275.00 aEN-96655 bDBAD/PUB a658.4092 aKonkar, Girish V. aSshhh... it's not a secret :btransformational leadership & life mastery (become the master of your life and not it's slave) /cby Girish V. Konkar aChennaibNotion Pressc2015 a5 Muthu Kalathy Street, Triplicane,bChennaie600005 ax,205p.c21cm(pbk)